Central Library OPAC University of Rajshahi

গার্হস্থ্য অর্থনীতি পরিভাষা / (Record no. 54931)

MARC details
000 -LEADER
fixed length control field 01182nam a2200253 a 4500
001 - CONTROL NUMBER
control field 54931
003 - CONTROL NUMBER IDENTIFIER
rucl marc code BD-RjUL
005 - DATE AND TIME OF LATEST TRANSACTION
control field 20211209080206.0
008 - FIXED-LENGTH DATA ELEMENTS--GENERAL INFORMATION
fixed length control field 161112s1985 bg ||||| |||| 00| 0 ben d
020 ## - INTERNATIONAL STANDARD BOOK NUMBER
Terms of availability : Tk.30.00
035 ## - SYSTEM CONTROL NUMBER
System control number (BD-RjUL)55053
040 ## - CATALOGING SOURCE
Original cataloging agency BD-RjUL
Language of cataloging ben
Transcribing agency BD-RjUL
Modifying agency BD-RjUL
041 ## - LANGUAGE CODE
Language code of text/sound track or separate title ben
082 ## - DEWEY DECIMAL CLASSIFICATION NUMBER
Edition number 23
Classification number 640.3
Author mark and year KHG 1985
100 1# - MAIN ENTRY--PERSONAL NAME
Personal name খানম, হুসানা বানু
9 (RLIN) 163752
245 10 - TITLE STATEMENT
Title গার্হস্থ্য অর্থনীতি পরিভাষা /
Statement of responsibility, etc. হুসানা বানু খানম, দরিয়ানূর বেগম ও সৈয়দ হালিমা রহমান
260 ## - PUBLICATION, DISTRIBUTION, ETC. (IMPRINT)
Place of publication, distribution, etc. ঢাকা :
Name of publisher, distributor, etc. বাংলা একাডেমী,
Date of publication, distribution, etc. ১৯৮৫.
300 ## - PHYSICAL DESCRIPTION
Pagination ৬২ পৃ. ;
Size ২৫ সেমি.
650 ## - SUBJECT ADDED ENTRY--TOPICAL TERM
Topical term or geographic name as entry element গার্হস্থ্য অর্থনীতি
Form subdivision অভিধানসমূহ
9 (RLIN) 163753
Topical term or geographic name as entry element Home Economics
Form subdivision Dictionaries
9 (RLIN) 163754
700 ## - ADDED ENTRY--PERSONAL NAME
Personal name বেগম,দরিয়ানূর, যুগ্ম লেখক
Personal name রহমান, সৈয়দা হালিমা, যুগ্ম লেখক
942 ## - ADDED ENTRY ELEMENTS (KOHA)
Source of classification or shelving scheme Dewey Decimal Classification
Koha item type Reference
Holdings
Lost status Source of classification or shelving scheme Damaged status Not for loan Collection code Permanent Location Current Location Shelving location Date acquired Source of acquisition Total Checkouts Full call number Date last seen Copy number Koha item type Cost, normal purchase price
  Dewey Decimal Classification     Non-fiction Central Library, University of Rajshahi Central Library, University of Rajshahi   08/10/1992 Bangla Academy, Dhaka.   BR 640.3 KHG 1985 12/11/2016 C-2 Books  
  Dewey Decimal Classification   Not For Loan Non-fiction Central Library, University of Rajshahi Central Library, University of Rajshahi   25/06/1990 Dhaka, Bangla Academy   BR 640.3 KHG 1985 23/04/2017 C-1 Reference 30.00